Normal view
MARC view
Entry Nombre personal
001 - NÚMERO DE CONTROL
- campo de control: 1101
003 - IDENTIFICADOR DE NÚMERO DE CONTROL
- campo de control: DLC
005 - FECHA Y HORA DE LA ÚLTIMA TRANSACCIÓN
- campo de control: 20260423143459.0
008 - ELEMENTOS DE DATO DE LONGITUD-FIJA
- campo de control de longitud fija: 851010n| acannaabn |n aaa c
010 ## - NÚMERO DE CONTROL DE LA BIBLIOTECA DEL CONGRESO
- Número de control de LC: n 85239676
035 ## - NÚMERO DE CONTROL DEL SISTEMA
- Número de control de sistema: (OCoLC)oca01419184
040 ## - FUENTE DE CATALOGACIÓN
- Centro catalogador/agencia de origen: NjP
- Lengua de catalogación: eng
- Centro/agencia transcriptor: DLC
- Centro/agencia modificador: DLC
- Centro/agencia modificador: OCoLC
100 1# - ENCABEZAMIENTO-NOMBRE DE PERSONA
- Nombre de persona: Meuleau, Maurice
670 ## - FUENTE DE DATOS ENCONTRADOS
- Cita de la fuente: Le Monde et son histoire, 1984- :
- Información encontrada: v. 1, t.p. (Maurice Meuleau)
670 ## - FUENTE DE DATOS ENCONTRADOS
- Cita de la fuente: LC in RLIN, 9-13-85
- Información encontrada: (hdg.: Meuleau, Maurice)